00447 a2200169 450000100060000002000180000604000220002410000190004624000270006524500160009230000070010836200090011565000210012494200070014595201080015299900170026068113 a9783195017817 cAnchieta - Pituba aKopp, Gabriele10aDabei! A2.2ldeu / ger10aDabei! A2.2 a900 a2020 4aLíngua alemã cBK 00104070a91.1b91.1d2023-11-21l0o430 K83d KOP DABp23457/PITr2023-11-21 18:36:09w2023-11-21yBK c68113d68113